[Event "Chigorin Memorial 07th"]
[Site "St Petersburg"]
[Date "1999.11.03"]
[Round "2"]
[White "Neverov, Valeriy"]
[Black "Kuprijanov, Ilija"]
[Result "1-0"]
[WhiteElo "2549"]
[BlackElo "2322"]
[Annotator "Hecht,H"]
[PlyCount "127"]
[EventDate "1999.11.02"]
[EventType "swiss"]
[EventRounds "9"]
[EventCountry "RUS"]
[SourceTitle "CBM 074"]
[Source "ChessBase"]
[SourceDate "2000.02.01"]
[SourceVersion "1"]
[SourceVersionDate "2000.02.01"]
[SourceQuality "1"]

1. d4 d5 2. c4 e6 3. Nc3 c5 4. e3 Nf6 5. Nf3 Nc6 6. cxd5 exd5 7. Be2 c4 8. Ne5
Bb4 9. O-O Bxc3 10. Nxc6 bxc6 11. bxc3 O-O 12. f3 Re8 13. Rb1 Bf5 14. Rb4 Qa5
15. e4 dxe4 16. Rxc4 Qxa2 17. Rxc6 e3 18. Bc4 Qc2 19. Qxc2 Bxc2 20. Rc7 Bg6 21.
Ba2 Rac8 22. Rxc8 Rxc8 23. Bb2 Bd3 24. Re1 e2 25. Kf2 Nd7 26. Ke3 Bb5 27. c4
Bxc4 28. Bxc4 Rxc4 29. Kd3 Rc7 30. Rxe2 f6 31. Ba3 Nb6 32. Bd6 Rd7 33. Bc5 Kf7
34. Bxb6 axb6 35. Rb2 Rd6 36. Kc4 Ke6 37. Re2+ Kd7 38. d5 f5 39. Kd4 Rh6 40. g3
Kd6 41. f4 b5 42. Rb2 Rh3 43. Rxb5 Rxh2 44. Rb6+ Ke7 45. Ke5 Re2+ 46. Kxf5 Rd2
47. Rb7+ Kf8 48. Rb8+ Kf7 49. Rb7+ Kf8 50. Rd7 {[#] Dominierende weiße
Turmstellung. das Vorgehen des Freibauern bis nach d6 veranlasst den schwarzen
Turm, die Sperre gegen den weißen König längs der e-Linie aufzugeben. Danach
dringt der weiße König in die schwarze Stellung ein, gefolgt von einem kleinen
Mattfinale.} Rd3 51. g4 Rd1 52. g5 Rd2 53. Ke4 Re2+ 54. Kd3 Rf2 55. Ke3 Rf1 56.
Ra7 Re1+ 57. Kd4 Rf1 58. d6 Rd1+ 59. Ke5 Re1+ 60. Kd5 Rd1+ 61. Ke6 Re1+ 62. Kd7
Rd1 63. f5 Rd2 64. g6 1-0

[Event "Hamburg-ch int"]
[Site "Hamburg"]
[Date "1998.05.31"]
[Round "3"]
[White "Hochgraefe, Markus"]
[Black "Pelletier, Yannick"]
[Result "1-0"]
[WhiteElo "2300"]
[BlackElo "2515"]
[Annotator "Hochgraefe,M"]
[PlyCount "33"]
[EventDate "1998.05.29"]
[EventType "swiss"]
[EventRounds "9"]
[EventCountry "GER"]
[SourceTitle "CBM 064 Extra"]
[Source "ChessBase"]
[SourceDate "1998.07.07"]
[SourceVersion "1"]
[SourceVersionDate "1998.07.07"]
[SourceQuality "1"]

{[%mdl 8192]} 1. c4 Nf6 2. Nc3 c5 3. Nf3 e6 4. e3 Nc6 5. d4 d5 6. cxd5 exd5 7.
Be2 Be7 8. dxc5 Bxc5 9. O-O O-O 10. b3 Bg4 11. Bb2 Rc8 12. Rc1 Bd6 13. Nd4 Ne5
$6 14. Bxg4 Nexg4 15. h3 Ne5 $6 (15... Nh6) 16. Nf5 Nc6 $2 (16... Bb4 $16 17.
a3 Bxc3 18. Rxc3 Rxc3 19. Bxc3) 17. Nxd5 (17. Nxd5 Nxd5 18. Qg4) 1-0

[Event "Candidates (Women)"]
[Site "Tilburg"]
[Date "1994.??.??"]
[Round "18"]
[White "Peng, Zhaoqin"]
[Black "Cramling, Pia"]
[Result "0-1"]
[WhiteElo "2370"]
[BlackElo "2525"]
[Annotator "Konikowski,J"]
[PlyCount "40"]
[EventDate "1994.09.??"]
[EventType "tourn"]
[EventRounds "18"]
[EventCountry "NED"]
[EventCategory "9"]
[SourceTitle "CBM 044"]
[Source "ChessBase"]
[SourceDate "1995.02.01"]
[SourceVersion "1"]
[SourceVersionDate "1995.02.01"]
[SourceQuality "1"]

1. d4 d5 2. c4 e6 3. Nc3 c5 4. cxd5 cxd4 5. Qxd4 (5. Qa4+ b5 6. Nxb5 Bd7 7. d6
Bxb5 8. Qxb5+ Nd7 (8... Qd7 9. Qxd7+ Nxd7 10. Nf3 e5 11. e3 dxe3 12. Bxe3 Bxd6
13. O-O-O $14) 9. Qa4 Qb6 10. Nf3 Bxd6 11. Qxd4 Bc5 12. Qxg7 Bxf2+ 13. Kd1
O-O-O 14. Qxh8 Ngf6 15. Qg7 Ne5+ 16. Bd2 (16. Nd2 Nc4 17. e3 Nxd2 18. Bxd2 Qxe3
19. Rc1+ Kb8 20. Bd3 Qxd3 21. Rc2 Ne4 22. Qxf7 Be3 23. Qc7+ Ka8 24. Qc6+ Kb8
25. Qc7+ $10) 16... Nxf3 17. exf3 Rxd2+ 18. Kxd2 Qxb2+ 19. Kd3 Qd4+ 20. Kc2
Qa4+ 21. Kd3 {1/2-1/2 Brenningmeijer,J-Kuif,R/Groningen/1994/}) 5... Nc6 6. Qa4
(6. Qd1 exd5 7. Qxd5 Bd7 8. Nf3 Nf6 9. Qb3 (9. Qd1 Bc5 10. e3 Qe7 11. Be2 O-O-O
12. O-O g5 13. a3 g4 14. Nd4 Qe5 15. Bd2 Kb8 16. b4 Bb6 17. Qc1 h5 18. f4 Qe7
19. Nc2 Bf5 20. Na4 Rxd2 $1 21. Qxd2 Rd8 22. Qc1 Bxc2 23. Nxb6 axb6 24. Qxc2
Qxe3+ 25. Kh1 Rd2 26. Qc4 Rxe2 {0-1 Hoeksma,E-Brenningmeijer,J/Groningen/1994/}
) 9... Bc5 10. Bg5 Qa5 11. Bxf6 gxf6 12. e3 Rg8 13. O-O-O Bb4 14. Rxd7 $1 Kxd7
15. Qxf7+ Be7 (15... Ne7 16. Bb5+ Kc8 17. Nd5 Rd8 18. Nxe7+ Bxe7 19. Qxe7 Qxb5
20. Qxh7 Kb8 21. Kb1 $16) 16. Bb5 Rae8 17. Qd5+ Kc7 18. Bxc6 Qxd5 19. Bxd5 $18
{Bies,B-Pauw,M/Groningen/1994/}) 6... exd5 7. Nf3 Nf6 (7... Bc5 8. Qb5 Qd6 9.
g3 Nf6 10. Bg5 Ne4 11. Nxe4 dxe4 12. Nd2 O-O 13. Nxe4 Bb4+ 14. Bd2 Bxd2+ 15.
Nxd2 Nd4 16. Qc4 Be6 17. Ne4 Qb6 18. Qd3 Rac8 19. Nc3 Qxb2 {0-1 Rejfir-Menchik,
V/Maribor/1934/}) 8. Bg5 Be7 9. e3 O-O 10. Be2 (10. O-O-O Be6 (10... Ng4 11.
Rxd5 Qb6 12. Bxe7 Nxe7 13. Rd2 Be6 14. h3 Nf6 15. Bd3 Rac8 16. Rhd1 Ned5 $132)
11. Bc4 Qc7 12. Bxf6 dxc4 (12... Bxf6 13. Nxd5 Bxd5 14. Rxd5 Rac8 $132) 13. Nb5
Qb6 14. Bxe7 Nxe7 15. Rd6 Qc5 16. Rhd1 a6 17. Nc3 b5 $132) 10... Be6 11. O-O a6
12. Nd4 (12. Rfd1 $5 Qb6 13. b3 h6 14. Bh4 Rac8 15. Rac1 Rfd8 $13) 12... Qb6
13. Nxe6 (13. Qb3 $142) 13... fxe6 14. Rab1 Rad8 15. a3 h6 16. Bxf6 Bxf6 17.
Qg4 Ne5 18. Qh3 Rc8 19. Kh1 Nc4 20. Rfd1 Nxb2 0-1

[Event "EU-chT (Men) 18th"]
[Site "Porto Carras"]
[Date "2011.11.08"]
[Round "6.1"]
[White "Ivanisevic, Ivan"]
[Black "Sulskis, Sarunas"]
[Result "1-0"]
[WhiteElo "2636"]
[BlackElo "2577"]
[Annotator "Krasenkow,M"]
[PlyCount "121"]
[EventDate "2011.11.03"]
[EventType "team-swiss"]
[EventRounds "9"]
[EventCountry "GRE"]
[SourceTitle "CBM 146"]
[Source "ChessBase"]
[SourceDate "2012.01.18"]
[SourceVersion "1"]
[SourceVersionDate "2012.01.18"]
[SourceQuality "1"]
[WhiteTeam "Serbia"]
[BlackTeam "Lithuania"]
[WhiteTeamCountry "SRB"]
[BlackTeamCountry "LTU"]

1. d4 d5 2. c4 e6 3. Nc3 c5 4. cxd5 cxd4 {This gambit is a rare guest in
tournament practice.} 5. Qa4+ Bd7 6. Qxd4 exd5 7. Qxd5 Nf6 8. Qd1 Nc6 9. Nf3
Bc5 10. e3 Qe7 11. Be2 O-O-O 12. O-O g5 13. b4 $1 {A correct reaction to
Black's plan. White's queenside attack can be stronger as Black's king is more
exposed.} Bxb4 14. Nb5 {Two other moves are more common:} (14. Qb3 {but in the
most recent game Black was OK:} Kb8 15. Rb1 Be6 16. Qa4 (16. Qb2 Bf5 17. e4 $13
) 16... Bf5 17. Bb2 $2 (17. e4 $13) 17... g4 18. Nb5 Bxb1 19. Rxb1 gxf3 20.
Bxf3 Ne4 21. Bxh8 Rxh8 22. Nxa7 Nxa7 23. Rxb4 Rc8 $17 {0-1 Yu Yangyi (2646)
-Wang Chen (2454)/Qinhuangdao CHN 2011/The Week in Chess 822 (66)}) (14. Bb2 g4
15. Nd4 Kb8 $1 16. Ncb5 h5 (16... Ne5 $2 17. Qb3 Rhg8 18. Rab1 Bc8 19. Nxa7 Ne4
20. Ndc6+ {1-0 Illescas Cordoba,M (2635)-Rodriguez Vargas,O (2405)/Catalunya
1996/EXT 1999}) (16... Nxd4 17. Bxd4 (17. Nxd4 Rhg8) 17... Bxb5 18. Bxb5 Bc3
19. Rb1 Bxd4 20. exd4 Ka8 21. Re1 Qc7 22. Qa4 $14 {1/2 Andersen,L (2116)-Rulfs,
E (2099)/Chessfriend.com 2005/Telechess CBM 113 (39)}) 17. Qa4 ({probably
White should look for something else like} 17. Rc1) ({or} 17. Qb3) 17... a6 18.
Nxc6+ Bxc6 19. Bxf6 Qe4 20. f3 (20. Be5+ Ka8 21. Nc7+ Ka7 22. Nb5+ Ka8 23. Nc7+
Ka7 {1/2 Thannheiser,T (2254)-Scheerer,C (2426)/Germany 2008/EXT 2009}) 20...
Qxe3+ 21. Kh1 Qxe2 $2 (21... Bd2 $1 22. Qa3 $1 Qxe2 23. Nd4 Rxd4 $1 24. Bxd4
Re8 $1 25. Qd6+ Ka8 26. Qc5 Kb8 $11) 22. Qxb4 gxf3 23. Qf4+ Ka8 24. Nc7+ Ka7 {
0-1 Krush,I (2432)-Kapnisis,S (2324)/Oropesa del Mar 1999/CBM 072 ext (30)} 25.
Bd4+ b6 26. Rf2 $18) 14... Ne4 (14... Kb8 15. Bb2 g4 16. Nfd4 {leads to the
above-mentioned line.}) 15. Qc2 Kb8 16. Bb2 Rhe8 17. Ne5 {[%mdl 2048]} Nxe5 (
17... f5 $5 18. Rad1 $1 Nxe5 19. Qc7+ Ka8 20. Bxe5 Qxe5 21. Rxd7 Qxc7 (21...
Rxd7 22. Qxd7 Nf6 23. Qf7 Rf8 24. Qc4 $14) 22. Nxc7+ Kb8 23. Rxh7 Re7 24. Rxe7
Bxe7 25. Ne6 Rd2 26. Bc4 $14) 18. Qxe4 Bc5 (18... Ng6 $5) 19. Rfd1 (19. Rac1 $5
{[%cal Ye4b1]}) 19... f6 (19... f5 20. Qc2) 20. Rac1 Bc6 21. Qf5 Rxd1+ 22. Rxd1
a6 23. Nd4 $16 {Finally the position is clear: Black has holes on the kingside
without any compensation.} Bd7 24. Qb1 Ng4 25. Bf3 Ne5 26. Bd5 Ba4 $6 (26...
Bc8 $142) 27. Rc1 Rc8 $2 (27... Bb4 $16) 28. Nf5 $6 (28. Ne6 $1 {gained
material in a more favourable version:} Ba7 (28... Bd6 29. Rxc8+ Kxc8 30. Bxe5
Bxe5 31. Qb6 {[%cal Yd5b7,Ye6c5]}) 29. Bxe5+ fxe5 30. Rxc8+ Kxc8 31. Qf5 $18)
28... Qd7 29. Qe4 Bb5 30. Bxe5+ fxe5 31. Qxe5+ Ka7 32. Nd4 {and White finally
converted his extra pawn:} Bd6 33. Nxb5+ Qxb5 34. Qd4+ Rc5 35. g3 Qb4 36. Rxc5
Qxc5 37. Qxc5+ Bxc5 38. Kg2 b5 39. Kf3 Kb6 40. Kg4 h6 41. Kh5 Bf8 42. f4 Kc5
43. Bg8 gxf4 44. gxf4 a5 45. Kg6 a4 46. h4 b4 47. h5 Kc6 48. e4 Kd7 49. e5 b3
50. axb3 a3 51. b4 Bxb4 52. Kxh6 Bd2 53. Kg5 Ke7 54. Bb3 Kf8 55. Kg4 Bc3 56.
Kf5 Bd2 57. Ke4 Kg7 58. f5 Bg5 59. Kf3 Bd8 60. Kg4 Be7 61. h6+ (61. h6+ Kxh6
62. f6 Bd8 63. Kf5 {[%cal Ye5e6]}) 1-0

[Event "EU-Cup 32nd"]
[Site "Novi Sad"]
[Date "2016.11.12"]
[Round "7.2"]
[White "Giri, Anish"]
[Black "Dominguez Perez, Leinier"]
[Result "1-0"]
[WhiteElo "2767"]
[BlackElo "2752"]
[Annotator "Krasenkow,M"]
[PlyCount "105"]
[EventDate "2016.11.06"]
[EventType "team-swiss"]
[EventRounds "7"]
[EventCountry "SRB"]
[SourceTitle "CBM 176"]
[Source "ChessBase"]
[SourceDate "2017.01.17"]
[SourceVersion "1"]
[SourceVersionDate "2017.01.17"]
[SourceQuality "1"]
[WhiteTeam "Siberia"]
[BlackTeam "Mednyi Vsadnik"]
[WhiteTeamCountry "RUS"]
[BlackTeamCountry "RUS"]

1. c4 c5 2. Nf3 Nf6 3. Nc3 Nc6 4. e3 e6 5. b3 d5 6. cxd5 exd5 7. Bb2 Bd6 8. d4
cxd4 9. Nxd4 O-O 10. Be2 Re8 11. O-O {This position arises from various
openings (mostly from the Tarrasch Defence with 4.e3).} Nxd4 (11... a6 {
is another popular move here.}) 12. Qxd4 Be5 13. Qd3 (13. Qh4 Bf5 14. Rac1 d4 {
1/2 (14) Uhlmann,W-Gligoric,S Havana 1969}) (13. Qd2 Bg4 (13... Ne4 14. Nxe4
Bxb2 15. Rad1 Ba3 16. Qxd5 $16 {1-0 (50) Bisguier,A-Burger,R San Francisco 1961
}) (13... Bd7 14. Rfd1 Bc6 15. Bf3 Qb8 16. Kh1 {1/2 (16) Rajkovic,D-Parma,B
Sarajevo 1973}) (13... d4 $5 14. Rad1 (14. exd4 Qxd4 15. Qxd4 Bxd4 16. Bf3 Rb8
17. Rfd1 Be5 18. Na4 Bxb2 19. Nxb2 Bg4 $11 {1/2 (24) Winants,L (2480)-Giddins,
S (2345) Antwerp 1995}) 14... Ng4 15. g3 $5 (15. h3 Qh4 16. exd4 Bh2+ 17. Kh1
Bd6 18. Bb5 Re3 19. f4 {1-0 (24) Khismatullin,D (2657)-Ionov,S (2548) Dagomys
2010} Rg3 $40) 15... Nxh2 16. Rfe1 $13) 14. Bxg4 (14. Bb5 Bd7 15. Bxd7 Qxd7 16.
Rad1 Rac8 17. Na4 Qf5 18. Bxe5 Qxe5 19. Qd4 Qxd4 20. exd4 Rc2 $15 {1/2 (36)
Van der Sterren,P (2560)-Van der Wiel,J (2570) Wijk aan Zee 1995}) 14... Nxg4 (
14... Bxh2+ $2 15. Kxh2 Nxg4+ 16. Kh3 $1 Qg5 17. Qd4 $1 Qh5+ 18. Kg3 Nh6 19.
Rh1 $1 Nf5+ 20. Kf4 Qg6 21. Qxd5 Re6 {1-0 (40) Miles,A (2565)-Ljubojevic,L 
(2605) Bugojno 1978 MCL [Bulletin]} 22. g4 Ne7 23. Qd1 $16) 15. h3 Nf6 16. Rfd1
Rc8 17. Rac1 Rc6 18. Nb5 (18. Na4 Ne4 19. Qe2 Bb8 20. Rxc6 bxc6 21. Qg4 g6 22.
h4 h5 23. Qh3 Be5 $15 {0-1 (32) Ivanov,J (2420)-Korneev,O (2600) Tenerife 2001}
) 18... Ne4 19. Qe2 Bb8 20. Rxc6 bxc6 21. Qg4 g6 22. Nd4 Qf6 23. Qe2 Qd6 24.
Nf3 Ng5 25. Kf1 $13 {0-1 (29) Brunner,L (2530)-Timman,J (2590) Biel 1995})
13... Ne4 14. Nxe4 (14. Na4 $6 Bxh2+ $5 (14... Bxb2 15. Nxb2 Qg5 16. Bf3 Qe5
17. Na4 Bf5 18. Bxe4 dxe4 19. Qc3 Qe7 $11 {1/2 (25) Mozetic,D (2440)-Pavlovic,
M (2461) Novi Sad 2000}) 15. Kxh2 Qh4+ 16. Kg1 Re6 17. Qd4 Rg6 18. g3 Qh3 $1 (
18... Qxg3+ 19. fxg3 Rxg3+ 20. Kh2 Rh3+ 21. Kg2 Rg3+ $10) {and now White has
the only way to survive:} 19. Qxd5 $1 (19. Qe5 Bg4 $19 {->: 1-0 (31) Chekhov,V
(2535)-Novikov,I (2420) Lvov 1984 URS-ch [Chekhov]}) 19... Bf5 20. Rad1 $1 (20.
Bf3 $4 Rh6) 20... Rf8 (20... Re8 21. Qd8) 21. Qe5 f6 22. Bc4+ Kh8 23. Qe7 {
forcing} Rxg3+ 24. fxg3 Qxg3+ $11) 14... Bxb2 15. Rad1 Bf5 16. Qd2 Bxe4 17.
Qxb2 {The position has been simplified, and Black's isolani becomes a serious
drawback. Still, the position of White's pawn on b3 (instead of b2) makes his
advantage less significant due to the weakness of the c3-square and lack of
space for queen manoeuvres on the queenside.} Rc8 (17... Qg5 18. g3 h5 $132 {
V.Chekhov, I.Novikov}) 18. Rc1 Qb6 19. Rfd1 h6 20. Qd2 Red8 21. Bd3 Qg6 $6 {
[%mdl 16384]} (21... g6 $142 {If White plays f2-f3 forcing ...Be4xd3 then his
e3-pawn and the position of his king become weak, which guarantees Black a
sufficient defence. Of course,} 22. Bxe4 dxe4 {is harmless.}) 22. Bxe4 Qxe4 {
This recapture is now forced, which is a big achievement for White: the
weakness of Black's d5-pawn becomes very serious.} (22... dxe4 23. Qxd8+ Rxd8
24. Rxd8+ {is clearly bad for Black.}) 23. g3 Rxc1 24. Qxc1 Qf5 (24... Qe7 $5 {
preventing Qc1-c5, and then ...f7-f5 preventing the possible e3-e4. However,
in any case Black's position remains difficult.}) 25. Qc5 b6 26. Qc7 Qd7 27.
Qe5 Qe6 28. Qd4 {[%cal Re3e4]} f5 29. h4 $1 Rd7 30. Qc3 Kf7 31. h5 Qf6 32. Rd4
Ke7 33. a4 $1 {White creates a new weakness on the queenside.} Qe5 34. a5 bxa5
35. Qxa5 {[%csl Ra7,Rd5,Rf5]} Qe6 36. Rf4 Qe5 37. Qc5+ Ke6 38. Qc8 Ke7 39. Qc5+
Ke6 40. Qc6+ Ke7 41. Qg6 Qf6 42. Rxf5 Qxg6 43. hxg6 {White has won a pawn and
gradually converts his material advantage in the rook ending:} Ke6 44. Rf8 h5
45. Kg2 d4 46. exd4 Rxd4 47. f4 Rd5 48. Rf7 Rb5 49. Rxg7 Kf6 50. Rxa7 Kxg6 51.
Ra6+ Kg7 52. Kh3 Rxb3 53. Ra5 (53. Ra5 Kg6 54. Kh4 $18 {[%cal Ra5g5]}) 1-0

[Event "Hastings 0304 79th"]
[Site "Hastings"]
[Date "2003.12.29"]
[Round "2"]
[White "Hebden, Mark"]
[Black "Conquest, Stuart"]
[Result "1-0"]
[WhiteElo "2560"]
[BlackElo "2545"]
[Annotator "Mikhalevski,V"]
[PlyCount "59"]
[EventDate "2003.12.28"]
[EventType "tourn"]
[EventRounds "9"]
[EventCountry "ENG"]
[EventCategory "13"]
[SourceTitle "CBM 099"]
[Source "ChessBase"]
[SourceDate "2004.03.30"]
[SourceVersion "1"]
[SourceVersionDate "2004.03.30"]
[SourceQuality "1"]

1. d4 d5 2. c4 e6 3. Nf3 c5 4. cxd5 exd5 5. Bg5 Be7 6. Bxe7 Nxe7 7. dxc5 Qa5+
8. Nc3 Nbc6 9. e3 Qxc5 10. Be2 O-O 11. O-O {[%csl Rd5] In the arising position
White has a slight edge thanks to a weak pawn on d5.However its not easy to
justify it as black pieces are situated harmonically.} Bg4 {Active defense.} ({
More popular is} 11... Be6 {Here's one of the recent examples.} 12. Nb5 Nf5 13.
Nfd4 Nfxd4 14. Nxd4 Rac8 15. Rc1 Qb4 16. Nxe6 fxe6 17. Bg4 Rf6 18. Rc2 Rcf8 {
and Black's doing fine. 0-1 Lapshun,Y-Akobian,V/Philadelphia USA 2002/The Week
in Chess 401 (31)}) 12. Rc1 {The most logical.} ({Other options are} 12. Nd4
Bxe2 13. Ncxe2 Qb6 {and Black shouldn't have problems.}) (12. Nd2 {Somehow
this looks wrong to me as white loses control over the d4-square.} Bxe2 (12...
Be6 $5) 13. Qxe2 Qb4 14. Nf3 Rad8 {1-0 Kalinitschew,S-Espig,L/Altenkirchen
2001/CBM 87 (51)}) 12... Rfd8 ({After} 12... Qb4 {Black equalized easily both
in case of} 13. b3 ({and} 13. Qa4 Qxa4 14. Nxa4 Rad8 {[%cal Gd5d4]} 15. Nc5 b6
16. Nb3 Bxf3 17. Bxf3 Rd6 18. Rfd1 Rfd8 19. g3 Kf8 20. Nd4 Nxd4 21. Rxd4 Nf5
22. Rf4 Ne7 23. Rd4 Nf5 24. Rd3 d4 25. e4 Ne7 26. e5 Re6 27. Rcd1 Ng6 28. Rxd4
Rxd4 29. Rxd4 Nxe5 30. Kg2 Nxf3 31. Kxf3 $11 {1/2-1/2 Mikhalchishin,A-Jelen,I/
Ptuj 1993/CBM 38 ext (33)}) 13... Rfd8 14. Nd4 Nxd4 15. Qxd4 Qxd4 16. exd4 Bxe2
17. Nxe2 Rac8 $11 {1/2-1/2 Pachman,L-Pfleger,H/Munich 1979/MCD (25). (25)}) ({
It's also possible to come to d8 with the other rook:} 12... Rad8 13. Qa4 Qb4
14. Qxb4 Nxb4 15. Rfd1 Nbc6 16. Nd4 Bxe2 17. Nxc6 Nxc6 18. Nxe2 Rd7 (18... Rd6
$5) 19. Nd4 Nxd4 20. Rxd4 $14 {1/2-1/2 Maksimovic,B-Brenjo,S/Niksic 1996/EXT
2000 (58)}) 13. Nd4 Bxe2 14. Qxe2 {An interesting tactical resource. White
makes use of a hanging position of the knight on e7.} ({In according to Fritz} 
14. Ncxe2 {is better.}) 14... Qa5 {Probably not the best square for the Q.She
gets under attack by means of Nb3} ({In the only preceding game Black tried} 
14... Qd6 15. Rfd1 Rac8 16. g3 a6 17. Nxc6 Rxc6 18. Rd2 Qe6 19. Rcd1 Rcd6 20.
Qf3 Qe5 21. Rd4 h6 22. R1d2 f5 23. h4 g5 24. Qh5 Qf6 25. Qd1 Qe5 26. Qb3 b6 27.
hxg5 hxg5 28. e4 $14 {and White got better chances although it turned out to
be not enough for a win. 1/2-1/2 Pantsulaia,L-Mamedyarov,S/Kocaeli TUR 2002/
The Week in Chess 407 (41)}) ({Nevertheless it seems that} 14... Nxd4 {was
correct and after} 15. exd4 {[%csl Rc5,Re7]} Qd6 (15... Qb4 16. a3 Qd6) 16. Nb5
Qf6 17. Rc7 Nc6 {[%cal Ga7a6] equality is not too far away.}) 15. Nb3 Qb4 16.
Rfd1 Rac8 (16... d4 $2 {is impossible:} 17. exd4 Nxd4 $140 $4 18. Rxd4 Rxd4 19.
Nxd4 Qxd4 20. Qxe7) 17. h3 {Prophylaxis.} h6 18. Rc2 $1 {[%cal Gc2d2] White
has been transferring the rook to d2 in order to create more pressure to the
d5-pawn.} Qb6 19. Rcd2 {[%csl Rd5]} Nb4 {Last two moves show that Black did
something wrong.} 20. Nd4 Rd7 $6 {The rook will be hanging on d7.} ({It was
better to return to c6.} 20... Nbc6 {and still nothing dangerous happened.})
21. Qg4 Rcd8 22. e4 $5 {[%cal Ge4e5] Hebden surprised his opponent with this
sudden tactical resourse and I have to admit that it was devastating for
Conquest. Black has lost the thread and the game finished in several moves.} ({
White could try to win a pawn by exhanging one of the defenders.} 22. Nf5 Nxf5
23. Qxf5 {[%csl Rd5][%cal Ga2a3]} d4 (23... Qe6 24. Qf3 {[%cal Ga2a3]}) 24.
exd4 Rxd4 25. Rxd4 Rxd4 26. Rxd4 Qxd4 27. Qc8+ Kh7 28. Qxb7) 22... Rd6 $2 {
This careless move makes possible both positional and tactical refutations.} ({
The point of 22.e4 can be seen in the following simple line.} 22... dxe4 $2 23.
Nf5 $1 {[%csl Rd7,Re7,Rg7]} Nxf5 24. Rxd7 $18) ({Black could try to stop
White's positional threat e5 with} 22... Qf6 $1 {having in mind that after} 23.
Nde2 {[%csl Rd5][%cal Ga2a3] Black's starting to experience problems with the
d5-pawn.} Qe6 24. a3 Nbc6 25. Qxe6 fxe6 26. Nf4 {[%csl Rd5,Re6] he saves his
skin with} d4 $1 {and} 27. Nxe6 $2 {doesn't work in view of} (27. Na4 Rd6 28.
Nc5 e5 29. Ne2) 27... dxc3 28. Rxd7 Rxd7 29. Rxd7 $2 c2 {and the c-pawn is
unstoppable.}) 23. e5 $6 {This move is strategically justified,however White
could win a pawn with} (23. exd5 $1 {and the d5-pawn is untouchable.} R6d7 (
23... Nbxd5 $2 24. Nxd5 Rxd5 25. Nf5 $1 $18 {[%csl Rd5,Re7,Rg7] and Black
can't defend all his hanging pieces.}) ({or} 23... Nexd5 $2 24. Nf5) 24. Nf3 $1
{[%cal Gf3e5]} Nbxd5 $140 $2 25. Ne5 $1 Rd6 26. Nc4 {[%csl Rb6,Rd6]}) 23... Rg6
24. Qh4 Re8 25. Ncb5 {[%cal Gb5d6]} ({Not so dangerous} 25. Qf4 Nbc6 26. Ndb5 {
[%cal Gb5d6]} Rf8 $1 27. Nd6 $140 Nxe5 28. Qxe5 Qxd6 29. Qxd6 Rxd6 30. Nxd5
Nxd5 31. Rxd5 Rxd5 32. Rxd5 Rc8 (32... f5 $5 {[%cal Gf8f7]}) (32... f6 $5 {
[%cal Gf8f7]}) 33. Rd7 Rc1+ 34. Kh2 b6 35. Rxa7 Rc2 $11 {[%csl Rb2,Rf2]}) 25...
Nbc6 $2 {Right square,but wrong piece.} ({After} 25... Nec6 $1 {Black
equalizes without problems.}) 26. Nd6 Rf8 (26... Rd8 $5) 27. b3 $5 {White
keeps the pressure on.} ({Black also survives} 27. Nxc6 $5 Nxc6 28. Rxd5 {
thanks to a sudden counter blow} Nxe5 $1 {and although White is slightly
better there's nothing decisive.} (28... Qxb2 $143 29. Qe4 $1 {[%csl Rg6][%cal
Gd6f7]} Re6 30. f4 $16) 29. Qh5 (29. Qf4 Re6 30. b3 $14) 29... Nc6 (29... Re6
$5)) 27... Nxe5 $6 {Black doesn't stand the pressure. Probably he already was
in a time-trouble.} ({After} 27... f6 28. Nxc6 Qxc6 29. f4 fxe5 30. fxe5 Re6
31. Qd4 b6 32. b4 $14 {Black can hardly move,but it's also not so easy for
White to make progress.}) 28. Qxe7 Qxd6 29. Qxb7 $16 {[%csl Ra7,Rd5]} Rg5 $4 {
[%mdl 8192] Looking for counterplay Black commits hara-kiri.However the
position was already very unpleasant...} 30. f4 {[%csl Re5,Rg5] Black loses a
piece and so he resigned.} 1-0